Music Quiz

Random Music or Album Quiz

Band by Greatest Hits Album Quiz Stats

 Plays Quiz Updated Oct 31, 2018

Score 0/20 Timer 06:00
4 Plays Today
Year Band/Artist % Correct
1996The Who
76.9%
1997Ozzy Osbourne
75.3%
2003Jimmy Buffett
55.1%
1988Dire Straits
55%
1971The Rolling Stones
53.6%
1991Steppenwolf
53.3%
1990Madonna
49.1%
1977Lou Reed
43.8%
2007Led Zeppelin
41.6%
1984Bob Marley and the Wailers
38.9%
Year Band/Artist % Correct
1974Three Dog Night
36.6%
1976Eagles
34.6%
2003Rush
32.6%
1959Elvis Presley
32%
1974Grateful Dead
21.3%
1992Tears For Fears
19%
1993Bryan Adams
11%
1998Faith No More
8.8%
1997John Mellencamp
8%
1995Frank Zappa
7.8%

You're not logged in!

Compare scores with friends on all Sporcle quizzes.
OR
Log In

Sporcle TV

Today on Sporcle TV


Watch our educational content, quiz creation guides, and fun videos on Sporcle TV.

Show Comments

Extras

Top Quizzes Today


Score Distribution

Your Account Isn't Verified!

In order to create a playlist on Sporcle, you need to verify the email address you used during registration. Go to your Sporcle Settings to finish the process.

Report this User

Report this user for behavior that violates our Community Guidelines.

Details: